Normal view
MARC view
Entry Personal Name
001 - CONTROL NUMBER
- control field: 244351
003 - CONTROL NUMBER IDENTIFIER
- control field: OSt
005 - DATE AND TIME OF LATEST TRANSACTION
- control field: 20251106144207.0
008 - FIXED-LENGTH DATA ELEMENTS
- fixed length control field: 251106|| aca||aabn | a|a d
040 ## - CATALOGING SOURCE
- Original cataloging agency: OSt
- Transcribing agency: OSt
100 ## - HEADING--PERSONAL NAME
- Personal name: CHIKKANNA (Ka Ta)
- Dates associated with a name: ಚಿಕ್ಕಣ್ಣ (ಕ ತಾ)
670 ## - SOURCE DATA FOUND
- Source citation: Work cat.: (OSt)116824: CHIKKANNA (Ka Ta) ಚಿಕ್ಕಣ್ಣ (ಕ ತಾ), Nishabudadedege, 2007